000 00628nam a22002177a 4500
003 UA-OsUOA
001 134696
007 ta
008 20181210b un ||||| |||| 00| 0 ukr d
100 _aПавлів І.
090 _a908
_bП12
942 _cSA
040 _aUA-OsUOA
_bukr
_cUA-OsUOA
_dUA-OsUOA
245 _aВ Острозькій академії провели Першу конференцію із питань охорони громадського здоров'я
300 _aС.2,6
955 _a0
041 _aukr
080 _a908
773 0 _w134695
650 7 _a908 Краєзнавство
_2UDC
999 _c409573
_d409573